1217 1859 1998 1388 1642 1898 1166 1422 1470 1422 1876 1235 1740 1815 1303 1491 1379 1113 1245 1034 1244 1989 1131 1863 1592 1504 1757 1022 1977 1332 1160 1801 1172 1916 1414 1304 1882 1069 1703 1614 1216 1762 1857 1469 1621 1113 1624 1320 1827 1214 1185 1900 1811 1080 1902 1809 1813 1089 1355 1503 1360 1757 1530 1782 1311 1598 1515 1564 1467 1841 1338 1485 1220 1820 1134 1552 1940 1479 1384 1826 1258 1193 1922 1099 1400 1757 1590 1890 1818 1386 1032 1446 1245 1441 1186 1326 1690 1217 1275 BCNSPRNW ULIB Ver.6.0+V

เปลี่ยนเป็นภาษาไทย

Change to English
 แสดงรายละเอียดบรรณานุกรม
  กลับหน้าหลัก

Brief Record : Get Marc (ISO 2709) : E-mail record : QR code < ปิดหน้าต่าง
LEADER : 00000nam 2200000uu 4500
001    13399124575
003     ULIB
008    121029s2552||||th 000 0 tha d
020    ^a9786117190247
090    ^aนว.^bน418ม
100 0  ^aนันทนา วีระชน
245 00 ^aเมียแต่ง/^cนันทนา วีระชน
250    ^aพิมพ์ครั้งที่ 1
260    ^aกรุงเทพฯ :^bอินเลิฟ,^c2552
300    ^a427 หน้า
710 1  ^aอินเลิฟ
945    ^p315^l0^i026026
995    ^aทศพร
999 ^a ใช้งานได้ทุกระบบ
รายการนี้ยังไม่มีแท็ก
คุณยังไม่ได้ล็อกอิน คุณสามารถมีกิจกรรมร่วมกับเว็บไซต์ได้ แต่ต้องล็อกอินก่อน ::
  ล็อกอิน

รายการสื่อสารสนเทศ

ลำดับที่ ประเภท เลขเรียก/บาร์โค้ด สถานที่ สถานะ
1. นวนิยาย
นวนิยาย
นว. น418ม ฉ.1 
  Barcode: 026026
ห้องสมุดวิทยาเขตสวรรค์ประชารักษ์
►นวนิยาย
บนชั้น
  ขอยืม

BibComment


ยังไม่เคยถูกคอมเมนท์

คอมเมนท์ทรัพยากรรายการนี้
  คอมเมนท์: เมียแต่ง นันทนา ..


 Copyright 2026. Bcnsprnw @Library